01253nam a2200265 a 450000100100000000500170001000800410002704000250006808200210009310000420011424500760015625000110023226000460024330000210028949000270031059000750033765000270041265000290043983000340046891000370050295201910053995201200073095201200085099900170097000003484820200930073936.0111020s1962 sp 000 0 spa d aDO-SdBNPbspacBNPHU a808bA452f, 19621 aAlonso Schökel, Luisd1920 -96037813aLa formación del estilo :blibro del alumno /cLuis Alonso Schökel. a4a ed. aSantander, España :bSal Terrae,c1962. a394 p. ;c22 cm.0 aBiblioteca comillensis aPerteneció a la biblioteca personal de Juan Isidro Jimenes Grullón 4aEstilo literario95690 4aEspañolxEstilo960379 0aBiblioteca comillensis960380 aValidado. Control de calidad MFF 001050718MOaGRbGRcHDd2011-10-20iLF1l0o808 A452f, 1962p34848-10r2020-06-25w2020-06-25y1zPerteneció a la biblioteca personal de Juan Isidro Jimenes GrullónZNo se presta 0010507-18MOaGRbGRcOId2011-10-20iLF1l0o808 A452f, 1962p34849-10r2020-06-25w2020-06-25y1ZNo se presta 0010507-18MOaGRbGRcOId2011-10-20iLF1l0o808 A452f, 1962p34849-20r2020-06-25w2020-06-25y1ZNo se presta c34339d34339